[Event "EU-ch U18 Girls"]
[Site "Bratislava"]
[Date "2019.08.08"]
[Round "7"]
[White "Moscicka, Pola"]
[Black "Poliakova, Varvara"]
[Result "0-1"]
[WhiteElo "2060"]
[BlackElo "1875"]
[PlyCount "116"]
[EventDate "2019.08.02"]
[EventType "swiss"]
[EventRounds "9"]
[EventCountry "SVK"]
[SourceTitle "CBM 191 Extra"]
[Source "ChessBase"]
[SourceDate "2019.09.30"]
[SourceVersion "1"]
[SourceVersionDate "2019.09.30"]
[SourceQuality "1"]

1. e4 e5 2. Nf3 Nc6 3. Bb5 a6 4. Ba4 Nf6 5. d3 d6 6. 0-0 g6 7. c3 Bg7 8. Re1 0-0 9. Bg5 h6 10. Bh4 Re8 11. Nbd2 b5 12. Bc2 Bb7 13. Nf1 Qd7 14. Qd2 Nh5 15. Ne3 Nd8 16. Bg3 Ne6 17. d4 Rad8 18. Bh4 exd4 19. cxd4 Rb8 20. d5 Nc5 21. Nd1 Kh7 22. Rb1 b4 23. Bg3 Nf6 24. Qf4 Kg8 25. b3 g5 26. Qf5 Qxf5 27. exf5 Bxd5 28. Ne3 Be4 29. Bxe4 Nfxe4 30. Nd5 Rbc8 31. Rbd1 Bc3 32. Re3 Kf8 33. a3 a5 34. axb4 axb4 35. Nd4 c6 36. Nb6 Rb8 37. Rxe4 Nxe4 38. Nd7+ Kg8 39. Nxb8 Rxb8 40. Nxc6 Ra8 41. f3 Nxg3 42. hxg3 Ra3 43. Rxd6 Rxb3 44. Ne7+ Kh7 45. Nd5 Be5 46. Nf6+ Kg7 47. Nh5+ Kf8 48. Rd5 Rb1+ 49. Kh2 f6 50. f4 Bc3 51. Rc5 Ba1 52. Rc7 b3 53. Ng7 Re1 54. Ne6+ Ke8 55. fxg5 hxg5 56. Ng7+ Kd8 57. Rb7 b2 58. Ne6+ Kc8 0-1

[Event "EU-ch U18 Girls"]
[Site "Bratislava"]
[Date "2019.08.07"]
[Round "6"]
[White "Kulpa, Zuzanna"]
[Black "Moscicka, Pola"]
[Result "1/2-1/2"]
[WhiteElo "1747"]
[BlackElo "2060"]
[PlyCount "68"]
[EventDate "2019.08.02"]
[EventType "swiss"]
[EventRounds "9"]
[EventCountry "SVK"]
[SourceTitle "CBM 191 Extra"]
[Source "ChessBase"]
[SourceDate "2019.09.30"]
[SourceVersion "1"]
[SourceVersionDate "2019.09.30"]
[SourceQuality "1"]

1. d4 Nf6 2. c4 e6 3. Nf3 c5 4. d5 b5 5. Bf4 exd5 6. cxd5 d6 7. e4 a6 8. a4 b4 9. Nbd2 Be7 10. Bd3 0-0 11. 0-0 a5 12. Nc4 Ba6 13. Qc2 g6 14. Rad1 Re8 15. Rfe1 Nh5 16. Bc1 Nd7 17. b3 Nb6 18. Nxb6 Qxb6 19. Nd2 Nf6 20. Nc4 Qc7 21. Bb2 Nd7 22. Qd2 Nb6 23. Rc1 Nxc4 24. Bxc4 Bxc4 25. Rxc4 Bf8 26. f4 Bg7 27. Bxg7 Kxg7 28. e5 Rad8 29. Rce4 Qb6 30. Kh1 Kg8 31. h3 Qa6 32. Kh2 Qb6 33. Kh1 Qa6 34. Kh2 Qb6 1/2-1/2

[Event "Krakow op-A 29th"]
[Site "Krakow"]
[Date "2018.12.31"]
[Round "6"]
[White "Moscicka, Pola"]
[Black "Kucharska, Honorata"]
[Result "0-1"]
[WhiteElo "1950"]
[BlackElo "2177"]
[PlyCount "136"]
[EventDate "2018.12.27"]
[EventType "swiss"]
[EventRounds "9"]
[EventCountry "POL"]
[SourceTitle "CBM 189 Extra"]
[Source "ChessBase"]
[SourceDate "2019.06.03"]
[SourceVersion "1"]
[SourceVersionDate "2019.06.03"]
[SourceQuality "1"]

1. e4 e6 2. d4 d5 3. Nd2 c5 4. exd5 exd5 5. Ngf3 Nc6 6. Bb5 Bd6 7. dxc5 Bxc5 8. 0-0 Nge7 9. Nb3 Bd6 10. h3 0-0 11. Nbd4 Bc7 12. Be3 Qd6 13. Bd3 a6 14. c3 Ng6 15. Re1 Bd7 16. b4 Nce5 17. Nxe5 Nxe5 18. Bf4 Nf3+ 19. Nxf3 Qxf4 20. Bc2 Bc6 21. Qd3 g6 22. Qd4 a5 23. a4 axb4 24. cxb4 Qd6 25. b5 Bd7 26. Bb3 Be6 27. Rad1 Rfd8 28. g3 Bb6 29. Qh4 Kg7 30. Ng5 h5 31. Ne4 Qb4 32. Qf6+ Kg8 33. Rb1 Qd4 34. Qxd4 Bxd4 35. Ng5 Bf5 36. Rbd1 Bf6 37. h4 Bxg5 38. hxg5 Be6 39. Rd4 Rac8 40. Red1 Rc5 41. Kg2 Kf8 42. R1d2 Ke7 43. Rb4 b6 44. Rbd4 Kd6 45. R2d3 Ke5 46. Rd2 Rf8 47. Rf4 Rc3 48. Ba2 Rfc8 49. Rfd4 R8c5 50. Kf1 Rc2 51. f4+ Kd6 52. Ke2 Rc1 53. Kf2 R1c3 54. Bb1 R5c4 55. Rxc4 Rxc4 56. Ra2 Rb4 57. Bd3 d4 58. Ra3 Rb3 59. Rxb3 Bxb3 60. Kf3 Bxa4 61. f5 gxf5 62. Kf4 Kc5 63. Be2 Bxb5 64. Bxh5 Bc4 65. Kxf5 b5 66. Kf6 d3 67. g6 fxg6 68. Bxg6 b4 0-1

[Event "Krakow op-A 29th"]
[Site "Krakow"]
[Date "2018.12.30"]
[Round "5"]
[White "Leiter, Thomas"]
[Black "Moscicka, Pola"]
[Result "1-0"]
[WhiteElo "2151"]
[BlackElo "1950"]
[PlyCount "105"]
[EventDate "2018.12.27"]
[EventType "swiss"]
[EventRounds "9"]
[EventCountry "POL"]
[SourceTitle "CBM 189 Extra"]
[Source "ChessBase"]
[SourceDate "2019.06.03"]
[SourceVersion "1"]
[SourceVersionDate "2019.06.03"]
[SourceQuality "1"]

1. d4 Nf6 2. c4 c5 3. d5 e6 4. Nc3 exd5 5. cxd5 d6 6. e4 g6 7. f4 Bg7 8. Bb5+ Nfd7 9. Be2 0-0 10. Nf3 Na6 11. 0-0 Nc7 12. a4 a6 13. f5 Ne5 14. Kh1 Nxf3 15. Rxf3 Rb8 16. Qf1 Ne8 17. Qf2 Qe7 18. Bd2 Bd4 19. Qg3 Nf6 20. Qh4 Re8 21. Bd3 c4 22. Bc2 Nd7 23. Qg3 Ne5 24. Rf4 f6 25. fxg6 hxg6 26. Ne2 Bc5 27. Raf1 Rf8 28. Bc3 Kg7 29. Nd4 Bxd4 30. Bxd4 b5 31. a5 b4 32. h4 c3 33. Bd1 Bd7 34. Kg1 Kh7 35. R1f2 cxb2 36. Bxb2 Rb5 37. Qb3 Rxa5 38. Qxb4 Rb5 39. Qd4 a5 40. Bc3 Rc5 41. Be2 a4 42. Bb4 Rc1+ 43. Kh2 Kg7 44. Qb2 Rcc8 45. Qa3 Rh8 46. Bxd6 Qe8 47. Be7 f5 48. Qd6 Nc4 49. Bxc4 Rxc4 50. Bf6+ Kg8 51. Bxh8 Kxh8 52. Qf6+ Kg8 53. e5 1-0

[Event "POL-chT U20"]
[Site "Kudowa Zdroj"]
[Date "2018.07.29"]
[Round "9.23"]
[White "Moscicka, Pola"]
[Black "Koruch, Maria"]
[Result "0-1"]
[WhiteElo "1934"]
[BlackElo "1714"]
[PlyCount "84"]
[EventDate "2018.07.21"]
[EventType "team-tourn"]
[EventRounds "9"]
[EventCountry "POL"]
[SourceTitle "CBM 186 Extra"]
[Source "ChessBase"]
[SourceDate "2018.08.24"]
[SourceVersion "1"]
[SourceVersionDate "2018.08.24"]
[SourceQuality "1"]

1. e4 c5 2. Nf3 Nc6 3. d4 cxd4 4. Nxd4 g6 5. Nc3 Bg7 6. Be3 Nf6 7. Bc4 0-0 8. Bb3 Re8 9. 0-0 d6 10. f3 Bd7 11. Qd2 Nxd4 12. Bxd4 Bc6 13. Rad1 Nd7 14. Bxg7 Kxg7 15. f4 Qb6+ 16. Kh1 Nc5 17. Qd4+ Kg8 18. f5 Nxb3 19. Qxb6 axb6 20. axb3 Ra5 21. h3 Re5 22. f6 Kf8 23. Rd4 Rd8 24. fxe7+ Kxe7 25. Nd5+ Bxd5 26. exd5 Rc8 27. Rf2 Rc5 28. Rdf4 f5 29. c4 b5 30. g4 bxc4 31. bxc4 b5 32. b3 bxc4 33. bxc4 Kf6 34. Kg2 Ra5 35. Rb2 Kg5 36. Rd4 Ra7 37. h4+ Kf6 38. Kf3 Ra3+ 39. Kf4 Ree3 40. Rf2 fxg4 41. Kxg4+ Ke5 42. Rdd2 Rg3# 0-1

[Event "POL-chT U20"]
[Site "Kudowa Zdroj"]
[Date "2018.07.28"]
[Round "8.11"]
[White "Malicka, Maria"]
[Black "Moscicka, Pola"]
[Result "0-1"]
[WhiteElo "2174"]
[BlackElo "1934"]
[PlyCount "72"]
[EventDate "2018.07.21"]
[EventType "team-tourn"]
[EventRounds "9"]
[EventCountry "POL"]
[SourceTitle "CBM 186 Extra"]
[Source "ChessBase"]
[SourceDate "2018.08.24"]
[SourceVersion "1"]
[SourceVersionDate "2018.08.24"]
[SourceQuality "1"]

1. e4 c6 2. d4 d5 3. Nc3 dxe4 4. Nxe4 Nd7 5. Ng5 Ngf6 6. Bc4 e6 7. Ne2 Nb6 8. Bd3 Be7 9. 0-0 0-0 10. Ne4 Nxe4 11. Bxe4 c5 12. Be3 cxd4 13. Bxd4 f5 14. Bd3 Bf6 15. Bc5 Rf7 16. Ba3 e5 17. c3 Be6 18. Qb1 e4 19. Nf4 Bd7 20. Bc2 Qc7 21. Ne2 Bb5 22. Ng3 Bxf1 23. Qxf1 Rd7 24. Nxf5 Re8 25. Rd1 Rxd1 26. Qxd1 Kh8 27. g3 Nc4 28. Bd6 Qc8 29. Qd5 e3 30. fxe3 Qc6 31. Qf7 Rd8 32. Be7 Ne5 33. Qh5 Nf3+ 34. Kf1 Qc4+ 35. Kg2 Qe2+ 36. Kh3 Ng1# 0-1

[Event "POL-chT U20"]
[Site "Kudowa Zdroj"]
[Date "2018.07.27"]
[Round "7.29"]
[White "Moscicka, Pola"]
[Black "Kucharska, Honorata"]
[Result "1/2-1/2"]
[WhiteElo "1934"]
[BlackElo "2029"]
[PlyCount "83"]
[EventDate "2018.07.21"]
[EventType "team-tourn"]
[EventRounds "9"]
[EventCountry "POL"]
[SourceTitle "CBM 186 Extra"]
[Source "ChessBase"]
[SourceDate "2018.08.24"]
[SourceVersion "1"]
[SourceVersionDate "2018.08.24"]
[SourceQuality "1"]

1. d4 Nf6 2. c4 c5 3. d5 e6 4. Nc3 exd5 5. cxd5 d6 6. g3 g6 7. Bg2 Bg7 8. Nf3 0-0 9. 0-0 a6 10. a4 Re8 11. Nd2 Nbd7 12. h3 Rb8 13. a5 b5 14. axb6 Nxb6 15. Qc2 Nh5 16. e4 Bb7 17. Kh2 Bc8 18. Bf3 Re5 19. b3 Nf6 20. Kg2 h5 21. Be2 Qd7 22. Rh1 Ra8 23. Bb2 Re8 24. f4 Bb7 25. Bf3 Rac8 26. Nc4 Nxc4 27. bxc4 Rb8 28. Rae1 Nh7 29. g4 h4 30. Ba1 g5 31. Ne2 Qe7 32. Bxg7 Kxg7 33. Qd2 f6 34. Rhf1 Kg8 35. Kh1 Rf8 36. Bg2 Rbe8 37. Rf2 Rf7 38. Ref1 Ref8 39. Nc3 Qe8 40. Nd1 Bc8 41. Ne3 Qe7 42. Qc2 1/2-1/2

[Event "POL-chT U20"]
[Site "Kudowa Zdroj"]
[Date "2018.07.25"]
[Round "5.29"]
[White "Jarocka, Liwia"]
[Black "Moscicka, Pola"]
[Result "1/2-1/2"]
[WhiteElo "1984"]
[BlackElo "1934"]
[PlyCount "128"]
[EventDate "2018.07.21"]
[EventType "team-tourn"]
[EventRounds "9"]
[EventCountry "POL"]
[SourceTitle "CBM 186 Extra"]
[Source "ChessBase"]
[SourceDate "2018.08.24"]
[SourceVersion "1"]
[SourceVersionDate "2018.08.24"]
[SourceQuality "1"]

1. e4 d5 2. d4 c6 3. Nd2 dxe4 4. Nxe4 Bf5 5. Ng3 Bg6 6. h4 h6 7. Nf3 Nd7 8. h5 Bh7 9. Bd3 Bxd3 10. Qxd3 Qc7 11. Bd2 e6 12. 0-0-0 Ngf6 13. Ne4 0-0-0 14. c4 Nxe4 15. Qxe4 Nf6 16. Qe2 c5 17. Rh4 a6 18. Bc3 cxd4 19. Bxd4 Bc5 20. Ne5 Bxd4 21. Rhxd4 Rxd4 22. Rxd4 Rd8 23. Rxd8+ Kxd8 24. g4 Ke7 25. Qe3 Nxg4 26. Qa3+ Ke8 27. Nxg4 Qxc4+ 28. Qc3 Qxg4 29. Qc8+ Ke7 30. Qxb7+ Kf6 31. Qxa6 Qg1+ 32. Kc2 Qxf2+ 33. Kc3 Qe3+ 34. Kc2 Qc5+ 35. Kb3 Qxh5 36. a4 Qd1+ 37. Ka3 h5 38. Qb6 h4 39. Qf2+ Kg5 40. Qxf7 Qd3+ 41. b3 Qg6 42. Qc7 Kh6 43. a5 h3 44. a6 Qg2 45. a7 h2 46. Qf4+ Kg6 47. Qxh2 Qxh2 48. a8Q e5 49. Qe8+ Kf6 50. Qf8+ Kg6 51. Qe8+ Kf5 52. Qf7+ Ke4 53. Qxg7 Kf3 54. Qc7 Qe2 55. b4 e4 56. Qc6 Qd3+ 57. Kb2 Kf2 58. b5 e3 59. Qf6+ Ke2 60. b6 Kd2 61. Qh6 Qb5+ 62. Ka3 Qa5+ 63. Kb3 Qb5+ 64. Ka3 Qa5+ 1/2-1/2